000 00599cam a2200241ua 4500
001 6450
005 20260515114042.0
008 131210n ii |||gr||||Z||||||eng
020 _a81-272-1774-3
040 _cMAIN
082 _a346.07
245 _aBusiness law
_cBy K.C. Garg
250 _a2nd rev. ed.
260 _aLudhiana:
_bKalyani publishers,
_c2002.
300 _ax,54p.
653 _aCommerce
653 _aBusiness law
700 _aGarg,K.C.,
_eAuthor.,
700 _aSareen,V.K.,
_eAuthor.
700 _aSharma,Mukesh,
_eAuthor.
700 _aChawla,R.C.,
_eAuthor.
942 _cBK
999 _c5594
_d5594